000
00431nam a2200133Ia 4500
008
100328s9999 xx 000 0 und d
082
_b
33532
100
_a
बोरकर कमलाकर
245
_a
मृत्यु देई हुंकार
260
_b
त्रिदल
630
_a
मृत्यु देई हुंकार
730
_a
मृत्यु देई हुंकार
942
_c
BOOK
999
_c
523947
_d
523944